Sociologie de l'administration française / (Record no. 3674)

MARC details
000 -LEADER
fixed length control field 00996nam a2200313 a 4500
001 - CONTROL NUMBER
control field 3674
003 - CONTROL NUMBER IDENTIFIER
control field FISKH
005 - DATE AND TIME OF LATEST TRANSACTION
control field 20240408140932.0
008 - FIXED-LENGTH DATA ELEMENTS--GENERAL INFORMATION
fixed length control field 830730s1983 fr a b 000 0 fre
010 ## - LIBRARY OF CONGRESS CONTROL NUMBER
LC control number 83179851
020 ## - INTERNATIONAL STANDARD BOOK NUMBER
International Standard Book Number 2200311915
040 ## - CATALOGING SOURCE
Original cataloging agency DLC
Transcribing agency DLC
Modifying agency DLC
Language of cataloging eng
043 ## - GEOGRAPHIC AREA CODE
Geographic area code e-fr---
050 00 - LIBRARY OF CONGRESS CALL NUMBER
Classification number JS4895
Item number .D86 1983
082 00 - DEWEY DECIMAL CLASSIFICATION NUMBER
Classification number 350/.000944
Edition number 19
100 1# - MAIN ENTRY--PERSONAL NAME
Personal name Dupuy, François.
245 10 - TITLE STATEMENT
Title Sociologie de l'administration française /
Statement of responsibility, etc. François Dupuy et Jean-Claude Thoenig ; préface de Michel Crozier.
260 ## - PUBLICATION, DISTRIBUTION, ETC.
Place of publication, distribution, etc. Paris :
Name of publisher, distributor, etc. A. Colin,
Date of publication, distribution, etc. c1983.
300 ## - PHYSICAL DESCRIPTION
Extent 206 pages :
Other physical details illustrations ;
Dimensions 23 cm.
440 #0 - SERIES STATEMENT/ADDED ENTRY--TITLE
Title Collection U.
Name of part/section of a work Série Sociologie
504 ## - BIBLIOGRAPHY, ETC. NOTE
Bibliography, etc. note Bibliography: p. 201-204.
650 #0 - SUBJECT ADDED ENTRY--TOPICAL TERM
Topical term or geographic name entry element Bureaucracy
Geographic subdivision France.
650 #0 - SUBJECT ADDED ENTRY--TOPICAL TERM
Topical term or geographic name entry element Administrative agencies
Geographic subdivision France.
650 #0 - SUBJECT ADDED ENTRY--TOPICAL TERM
Topical term or geographic name entry element Local government
Geographic subdivision France.
650 #0 - SUBJECT ADDED ENTRY--TOPICAL TERM
Topical term or geographic name entry element Regionalism
Geographic subdivision France.
700 1# - ADDED ENTRY--PERSONAL NAME
Personal name Thoenig, Jean-Claude,
Dates associated with a name 1940-
906 ## - LOCAL DATA ELEMENT F, LDF (RLIN)
a 7
b cbc
c orignew
d 3
e ncip
f 19
g y-gencatlg
942 ## - ADDED ENTRY ELEMENTS (KOHA)
Source of classification or shelving scheme Dewey Decimal Classification
Koha item type Books
Suppress in OPAC No
Holdings
Withdrawn status Lost status Source of classification or shelving scheme Damaged status Not for loan Collection Home library Current library Shelving location Date acquired Total Checkouts Full call number Barcode Date last seen Price effective from Koha item type
    Library of Congress Classification     Non-Fiction Footprints International School Library Network Toul Kork Campus Footprints International School Library Network Toul Kork Campus TK Floor 4 Rear Hallway Shelf 1 (Adult/Secondary Foriegn Language/Khmer) 04/08/2024   THO 350.000944 JS4895.D86 2024-0477 04/08/2024 04/08/2024 Books